[Event "FRA-chT4 0506"]
[Site "France"]
[Date "2006.??.??"]
[Round "7"]
[White "Poisseroux, Benoit"]
[Black "Thevenin, Alain"]
[Result "0-1"]
[WhiteElo "1863"]
[BlackElo "2020"]
[PlyCount "64"]
[EventDate "2005.10.02"]
[EventType "team-tourn"]
[EventRounds "9"]
[EventCountry "FRA"]
[SourceTitle "EXT 2007"]
[Source "ChessBase"]
[SourceDate "2006.11.23"]
[SourceVersion "1"]
[SourceVersionDate "2006.11.23"]
[SourceQuality "1"]

1. d4 Nf6 2. Bg5 d5 3. Nd2 Nbd7 4. f4 c5 5. e3 Qb6 6. Bxf6 Nxf6 7. Ngf3 e6 8. b3 cxd4 9. exd4 Bb4 10. c4 0-0 11. c5 Qa5 12. Qc2 Bd7 13. Bd3 Rfc8 14. Rc1 b6 15. Ne5 Bxd2+ 16. Qxd2 Qxd2+ 17. Kxd2 bxc5 18. dxc5 Rab8 19. Nxd7 Nxd7 20. c6 Nf6 21. c7 Rb6 22. Rc2 Kf8 23. Rhc1 Ke7 24. a4 a5 25. b4 axb4 26. a5 Rd6 27. a6 Ne4+ 28. Ke3 Nc3 29. a7 Rc6 30. Rb2 R6xc7 31. Rxb4 Rxa7 32. Kd4 Ne2+ 0-1

[Event "Champagne-chT"]
[Site "Ardennes"]
[Date "2005.05.05"]
[Round "2"]
[White "Louis, Andre"]
[Black "Poisseroux, Benoit"]
[Result "0-1"]
[WhiteElo "2011"]
[BlackElo "1890"]
[PlyCount "98"]
[EventDate "2005.05.05"]
[EventType "team-tourn"]
[EventRounds "8"]
[EventCountry "FRA"]
[SourceTitle "EXT 2007"]
[Source "ChessBase"]
[SourceDate "2006.11.23"]
[SourceVersion "1"]
[SourceVersionDate "2006.11.23"]
[SourceQuality "1"]

1. c4 e5 2. Nc3 Bb4 3. Nd5 a5 4. a3 Be7 5. g3 d6 6. Bg2 f5 7. e3 g6 8. Ne2 Nf6 9. Nec3 c6 10. Nxe7 Qxe7 11. 0-0 0-0 12. d4 e4 13. d5 Nbd7 14. dxc6 bxc6 15. Na4 Ba6 16. b3 d5 17. Qc2 dxc4 18. bxc4 Ne5 19. Nb2 Nxc4 20. Nxc4 Qc5 21. Bb2 Qxc4 22. Rfc1 Qxc2 23. Rxc2 Rab8 24. Be5 Rbc8 25. Rc5 Bb5 26. a4 Nd7 27. axb5 Nxc5 28. b6 Rfe8 29. Bf4 Nb7 30. Bf1 h5 31. Ba6 Re7 32. Bg5 Rh7 33. Rd1 c5 34. Bc4+ Kf8 35. Be6 Rc6 36. Bd5 Rxb6 37. Bf4 Rd7 38. Bh6+ Ke8 39. Bf4 Nd8 40. Kf1 Nc6 41. Bxc6 Rxc6 42. Rb1 Rc8 43. Rb5 a4 44. Be5 c4 45. Bc3 Rd3 46. Re5+ Kf7 47. Bb4 Rc7 48. Ra5 c3 49. Rxa4 c2 0-1

[Event "Champagne-chT"]
[Site "Ardennes"]
[Date "2005.05.05"]
[Round "8"]
[White "Rognion, Eric"]
[Black "Poisseroux, Benoit"]
[Result "0-1"]
[WhiteElo "1950"]
[BlackElo "1890"]
[PlyCount "116"]
[EventDate "2005.05.05"]
[EventType "team-tourn"]
[EventRounds "8"]
[EventCountry "FRA"]
[SourceTitle "EXT 2007"]
[Source "ChessBase"]
[SourceDate "2006.11.23"]
[SourceVersion "1"]
[SourceVersionDate "2006.11.23"]
[SourceQuality "1"]

1. e4 c5 2. d4 cxd4 3. Nf3 Nc6 4. Nxd4 Nf6 5. Nc3 e5 6. Ndb5 d6 7. Nd5 Nxd5 8. exd5 Ne7 9. c4 a6 10. Nc3 g6 11. Be2 Bg7 12. 0-0 f5 13. f3 f4 14. Bd3 0-0 15. Qc2 Nf5 16. Bxf5 Rxf5 17. Ne4 Rh5 18. b4 Bf5 19. Rf2 Bxe4 20. Qxe4 Qh4 21. g4 fxg3 22. Qxh4 Rxh4 23. Rc2 gxh2+ 24. Kh1 e4 25. Rb1 exf3 26. Be3 Re8 27. Bf2 Rh5 28. Bg3 Be5 29. Bxh2 Bxh2 30. Rxh2 Rxh2+ 31. Kxh2 Re2+ 32. Kg3 f2 33. Rf1 Rc2 34. Rxf2 Rxc4 35. Rf6 Rxb4 36. Rxd6 Kf7 37. Kf3 Ke7 38. Re6+ Kd7 39. Rf6 g5 40. Rf7+ Kd6 41. Rxh7 g4+ 42. Kg3 Kxd5 43. a3 Rb3+ 44. Kxg4 Kc6 45. Kf4 Rxa3 46. Ke4 Ra4+ 47. Kd3 Kb6 48. Rh6+ Ka7 49. Rh7 Rg4 50. Kc3 a5 51. Kb3 Ka6 52. Rh6+ b6 53. Rh8 Rg6 54. Ra8+ Kb5 55. Rf8 Rg3+ 56. Ka2 a4 57. Rf5+ Kb4 58. Rf4+ Ka5 0-1